000 00286 a2200145 4500
001 161697
020 _a
040 _cMagnum
100 _aPbh
240 1 0 _aAlternativas alimentares
_lpor
245 1 0 _aAlternativas alimentares
362 0 _a1899
697 _aGERAL
942 _cBK
999 _c161697
_d161697